BUBT Library Online Catalog

Law of Contract : (Record no. 4045)

000 -LEADER
fixed length control field 00566nam a2200205Ia 4500
003 - CONTROL NUMBER IDENTIFIER
control field BUBTL
008 - FIXED-LENGTH DATA ELEMENTS--GENERAL INFORMATION
fixed length control field 151213s9999 xx 000 0 und d
020 ## - INTERNATIONAL STANDARD BOOK NUMBER
International Standard Book Number 9843218860
082 ## - DEWEY DECIMAL CLASSIFICATION NUMBER
Classification number 346/ H211l/ 2012
100 ## - MAIN ENTRY--PERSONAL NAME
Personal name Haque, Muhammad Ekramul
9 (RLIN) 2101
245 ## - TITLE STATEMENT
Title Law of Contract :
Statement of responsibility, etc. Muhammad Ekramul Haque
250 ## - EDITION STATEMENT
Edition statement 2nd ed
260 ## - PUBLICATION, DISTRIBUTION, ETC. (IMPRINT)
Place of publication, distribution, etc. Dhaka
Name of publisher, distributor, etc. Law Lyceum
Date of publication, distribution, etc. c2012
300 ## - PHYSICAL DESCRIPTION
Extent [xxvi],361p. :
Other physical details ill. 21cm
650 ## - SUBJECT ADDED ENTRY--TOPICAL TERM
Topical term or geographic name as entry element Law
700 ## - ADDED ENTRY--PERSONAL NAME
Personal name Muhammad Ekramul Haque
9 (RLIN) 4627
856 ## - ELECTRONIC LOCATION AND ACCESS
Password 0
Logon 0
Link text Download
942 ## - ADDED ENTRY ELEMENTS (KOHA)
Source of classification or shelving scheme
Koha item type Books
Holdings
Withdrawn status Lost status Source of classification or shelving scheme Damaged status Not for loan Collection code Permanent location Current location Shelving location Date acquired Source of acquisition Inventory number Total Checkouts Full call number Barcode Date last seen Date last checked out Copy number Price effective from Koha item type
          Non-fiction Bangladesh University of Business and Technology Library Bangladesh University of Business and Technology Library Law Stacks 10/22/2014 Purchase 7864 3 346/ H211l/ 2012 BUBTL-20037864 10/09/2023 10/05/2023 C-1 09/04/2022 Books
          Non-fiction Bangladesh University of Business and Technology Library Bangladesh University of Business and Technology Library Law Stacks 08/14/2010 Purchase 7865   346/ H211l/ 2012 BUBTL-20037865 09/04/2022   C-2 09/04/2022 Books
        Not For Loan Non-fiction Bangladesh University of Business and Technology Library Bangladesh University of Business and Technology Library Law Stacks 08/14/2010 Purchase 7866   346/ H211l/ 2012 BUBTL-20037866 09/04/2022   C-3 09/04/2022 Books
          Non-fiction Bangladesh University of Business and Technology Library Bangladesh University of Business and Technology Library Law Stacks 08/14/2010 Purchase 7867 3 346/ H211l/ 2012 BUBTL-20037867 03/03/2024 02/29/2024 C-4 09/04/2022 Books
          Non-fiction Bangladesh University of Business and Technology Library Bangladesh University of Business and Technology Library Law Stacks 08/14/2010 Purchase 7868   346/ H211l/ 2012 BUBTL-20037868 09/04/2022   C-5 09/04/2022 Books
        Not For Loan Non-fiction Bangladesh University of Business and Technology Library Bangladesh University of Business and Technology Library Law Stacks 12/14/2014 Purchase 19964   346/ H211l/ 2012 BUBTL-200319964 09/04/2022   C-6 09/04/2022 Books

More Information About Library

Library Hours

  • Open: 9.00 am. to 9.00 pm.
  • Only Sunday: 9.00 am. to 6.00 pm.
  • Closed: Holiday

Contact to the University

Bangladesh University of Business and Technology Library

  • Mirpurl-2, 1216.
  • Phone:
  • Fax:
  • E-Mail: admin.library@bubt.edu.bd

Contact to the Library

Contact Person:

Md. Abdul Hakim Shah
Joint Librarian
PABX No:  113
Cell No: 01816332931
E-mail: official: admin.library@bubt.edu.bd
Personal: hakim.shah@bubt.edu.bd


BUBT Library

Copyright © 2021